The killing ground : the British Army, the western front, and the emergence of modern warfare, 1900-1918 /

Bibliographic Details
Main Author: Travers, Timothy
Format: Book
Language:English
Published: London ; Boston : Allen & Unwin, 1987.
Subjects:

MARC

Tag First Indicator Second Indicator Subfields
LEADER 00000cam a2200000 a 4500
001 in00000029857
005 20151007054811.0
008 861024s1987 enkabf b 00110 eng
010 |a  86028684  
020 |a 0049422057 (alk. paper) 
035 |a (OCoLC)14716238 
035 |9 AAB6251AM 
040 |a DLC  |c DLC  |d TXA  |d UtOrBLW 
043 |a e------ 
049 |a TXAM  |c 1 [A11503521]  |a TXAS [mil]  |c 2 
050 0 0 |a D530  |b .T73 1987 
082 0 |a 940.4/144  |2 19 
100 1 |a Travers, Timothy. 
245 1 4 |a The killing ground :  |b the British Army, the western front, and the emergence of modern warfare, 1900-1918 /  |c Tim Travers. 
264 1 |a London ;  |a Boston :  |b Allen & Unwin,  |c 1987. 
300 |a xxiv, 309 pages, 8 unnumbered pages of plates :  |b illustrations, maps ;  |c 25 cm. 
336 |a text  |b txt  |2 rdacontent 
337 |a unmediated  |b n  |2 rdamedia 
338 |a volume  |b nc  |2 rdacarrier 
504 |a Bibliography: pages 294-303. 
500 |a Includes index. 
650 0 |a World War, 1914-1918  |x Campaigns  |z Western Front. 
610 1 0 |a Great Britain.  |b Army  |x History  |y World War, 1914-1918. 
999 |a MARS 
999 f f |s 32c1838f-c211-316e-87ff-f37ac10fb77a  |i 255780eb-9df3-3653-a889-95502ea97ea7  |t 0 
952 f f |p noncirc  |a Texas A&M University  |b College Station  |c Cushing Memorial Library & Archives  |d Cushing: Ragan Military (Does not check out)  |t 0  |e D530 .T73 1987  |h Library of Congress classification  |i unmediated -- volume  |m A14852130070 
998 f f |a D530 .T73 1987  |t 0  |l Cushing: Ragan Military (Does not check out)